000 00566nam a2200229Ia 4500
003 OSt
005 20220918203140.0
006 a|||||r|||| 00| 0
007 ta
008 220917b |||||||| |||| 00| 0 eng d
024 _a106,335
037 _cTextual
040 _aARTS
_cARTS
_beng
041 _2eng
_aeng
082 _aV3:26:N5z7, H8
100 _aWilson C H ed
_9107035
245 0 _aEssays on local government
260 _c1948
650 _aHISTORY
942 _hV3:26:N5z7, H8
_cTEXL
_2CC
999 _c229693
_d229693